Elementary Linear Algebra / (Record no. 182129)
[ view plain ]
| 000 -LEADER | |
|---|---|
| fixed length control field | 00775 a2200193 4500 |
| 003 - CONTROL NUMBER IDENTIFIER | |
| control field | Nust |
| 005 - DATE AND TIME OF LATEST TRANSACTION | |
| control field | 20221111113944.0 |
| 020 ## - INTERNATIONAL STANDARD BOOK NUMBER | |
| International Standard Book Number | 0030765765 |
| 040 ## - CATALOGING SOURCE | |
| Transcribing agency | Nust |
| 082 ## - DEWEY DECIMAL CLASSIFICATION NUMBER | |
| Classification number | 512.5,GRO |
| 100 ## - MAIN ENTRY--PERSONAL NAME | |
| Personal name | Grossman, Stanley |
| 9 (RLIN) | 102567 |
| 245 ## - TITLE STATEMENT | |
| Title | Elementary Linear Algebra / |
| Statement of responsibility, etc. | Stanley I. Grossman |
| 250 ## - EDITION STATEMENT | |
| Edition statement | 4th ed |
| 260 ## - PUBLICATION, DISTRIBUTION, ETC. | |
| Place of publication, distribution, etc. | Belmont, Calif. |
| Name of publisher, distributor, etc. | : Wadsworth Pub. Co |
| Date of publication, distribution, etc. | ., c1980. |
| 300 ## - PHYSICAL DESCRIPTION | |
| Extent | x, 387 p. : |
| Other physical details | ill. ; 24 cm. |
| 505 ## - FORMATTED CONTENTS NOTE | |
| Formatted contents note | Systems of Linear Equations and Matrices (Page-1), Determinants (Page-110), Vectors in R2 and R3 (Page-154), Vector Spaces (Page-211), Linear Transformations (Page-330), Eigenvalues, Eigenvectors, and Canonical forms (Page-386), Numerical Method (Page-465), |
| 650 ## - SUBJECT ADDED ENTRY--TOPICAL TERM | |
| Topical term or geographic name entry element | Elementary linear algebra |
| 9 (RLIN) | 102568 |
| 942 ## - ADDED ENTRY ELEMENTS (KOHA) | |
| Source of classification or shelving scheme | |
| Koha item type | Book |
| Call number prefix | 512.5,GRO |
| Withdrawn status | Lost status | Source of classification or shelving scheme | Damaged status | Not for loan | Permanent Location | Current Location | Shelving location | Date acquired | Total Checkouts | Full call number | Barcode | Date last seen | Date last checked out | Price effective from | Koha item type | Public note |
|---|---|---|---|---|---|---|---|---|---|---|---|---|---|---|---|---|
| Military College of Signals (MCS) | Military College of Signals (MCS) | General Stacks | 12/12/2016 | 2 | 512.5,GRO | MCS5273 | 08/27/2024 | 08/26/2024 | 12/12/2016 | Book | Almirah No.11, Shelf No.2 |
